MDQL
is popping MORE tags! Check the
thread
!
Quizzes
Events
Quiz Creation
Community
Videos
Private Events
Remove Ads
Sign In
Join for FREE
Feedback
Dark Mode
Quiz Categories
Sports
Geography
Music
Movies
Television
Just For Fun
Miscellaneous
History
Literature
Language
Science
Gaming
Entertainment
Religion
Holiday
For Kids
Quiz Lab
Recent
Popular Today
Quiz Kudos Today
Editor Picks
Curator Picks
Quizzes by...
Day
Popularity
Type
Ratings
Length
Year
Community
Subscriptions
Recent Discussions
Orange Saloon
Badges
Playlists
Quests
Create
Leaderboards
Showdown
Live 5
Trivia Bingo
Activity
Puzzle Library
Sporcle Events
Private Events
Virtual Trivia
Globe League
Become a Host
Pub Owners
SporcleCon
Opinionation
Our Games
Videos
Blog
Mobile Apps
Partnerships
Remove Ads and Go Orange
Feedback
Entertainment
Celebrity
Famous
Musical
Broadway
Show
Quote
Comic Books
Anime
Superhero
DC Comics
Marvel
Cartoons
Animation
Entertainment
Celebrity
Famous
Musical
Broadway
Show
Quote
Comic Books
Anime
Superhero
DC Comics
Marvel
Cartoons
Animation
Random Quiz
Search Sporcle
×
Quiz Lab
Quiz Lab
Entertainment
dutch
Type in answers that appear in a list
Type in answers that appear in a list
Classic
Best Score? Go Orange.
Efteling attracties Stats
Kan jij alle Efteling attracties benoemen?
By
Gina96
10m
69 Questions
3,109 Plays
3,109 Plays
3,109 Plays
Comments
Comments
Give Quiz Kudos
Give Quiz Kudos
-
- Ratings
hide this ad
More Info
Replay
Link that replays current quiz
Next Quiz
Link to next quiz in quiz playlist
You Got
0%
They Got
Avg Score
60%
Avg Friend Score
Upgrade to see
Score Distribution
Jump to the score distribution portion of the page
Score
0/69
Timer
10:00
0
Plays Today
Rijk
Attractie
% Correct
Ruigrijk
Python
92.7%
Ruigrijk
Joris en de Draak
92.1%
Ruigrijk
De Vliegende Hollander
91.1%
Marerijk
Droomvlucht
89.3%
Reizenrijk
Vogel Rok
89.1%
Anderrijk
Fata Morgana
87.6%
Ruigrijk
Baron 1898
86.3%
Reizenrijk
Carnaval Festival
85.6%
Anderrijk
Max & Moritz
84.9%
Marerijk
Villa Volta
84.4%
Fantasierijk
Symbolica
82.7%
Anderrijk
Piraña
78.9%
Anderrijk
Spookslot
77.9%
Ruigrijk
Nest!
76%
Anderrijk
Fabula
75%
Marerijk Sprookjesbos
Roodkapje
74.8%
Ruigrijk
Halve Maen
74.2%
Reizenrijk
Pagode
72.2%
Marerijk Sprookjesbos
Doornroosje
71.2%
Reizenrijk
Sirocco
69.9%
Marerijk
Stoomtrein
69.2%
Ruigrijk
Stoomtrein
69.2%
Marerijk Sprookjesbos
De zes Dienaren
68.4%
Marerijk Sprookjesbos
De Sprookjesboom
67.5%
Fantasierijk
Aquanura
67.4%
Marerijk
Monorail Volk van Laaf
66.8%
Marerijk Sprookjesbos
Sneeuwwitje
66.4%
Reizenrijk
Archipel
66.2%
Marerijk Sprookjesbos
Hans en Grietje
63.4%
Marerijk
Raveleijn
63.1%
Marerijk Sprookjesbos
Assepoester
62.6%
Ruigrijk
De Oude Tufferbaan
61.6%
Reizenrijk
Gondoletta
61.3%
Marerijk Sprookjesbos
Pinokkio
61.3%
Marerijk Sprookjesbos
De Rode Schoentjes
58%
Rijk
Attractie
% Correct
Marerijk Sprookjesbos
Klein Duimpje
57.9%
Marerijk Sprookjesbos
De Wolf en de Zeven Geitjes
57.5%
Marerijk Sprookjesbos
De Draak
56.9%
Marerijk Sprookjesbos
De zes Zwanen
56.6%
Marerijk Sprookjesbos
De Indische Waterlelies
56.1%
Ruigrijk
Kinderspoor
55.7%
Fantasierijk
Pardoes de Tovernar
55.3%
Marerijk Sprookjesbos
Raponsje
55%
Marerijk
Stoomcarrousel
54.8%
Marerijk Sprookjesbos
De Tuinman en de Fakir
54.7%
Marerijk
Anton Pieck Plein
54.6%
Marerijk Sprookjesbos
Tafeltje dek je, Ezeltje Strek je, Knuppel uit de Zak
54.4%
Marerijk Sprookjesbos
Vrouw Holle
53.9%
Marerijk Sprookjesbos
Repelsteeltje
52.6%
Marerijk Sprookjesbos
De Trollenkoning
52.4%
Marerijk Sprookjesbos
De Chinese Nachtegaal
51.3%
Fantasierijk
Efteling Theatershow CARO
50.9%
Marerijk Sprookjesbos
Het Kabouterdorp
50.9%
Ruigrijk
Game Gallery
50.9%
Reizenrijk
Jokie en Jet
50.4%
Marerijk Sprookjesbos
De nieuwe Kleren van de Keizer
49.2%
Marerijk Sprookjesbos
Het Meisje met de Zwavelstokjes
48.7%
Marerijk
Diorama
48.7%
Reizenrijk
Kleuterhof
46.6%
Marerijk Sprookjesbos
De Kleine Zeemeermin
45.4%
Marerijk
Kindervreugd
41.2%
Marerijk
Efteling Museum
39.8%
Marerijk Sprookjesbos
De magische Klok
39.6%
Marerijk Sprookjesbos
De Kikkerkoning
38.1%
Marerijk Sprookjesbos
Kleine Boodschap
35.7%
Marerijk
De Sprookjessprokkelaar
31.7%
Marerijk Sprookjesbos
Het Stoute Prinsesje
31.3%
Marerijk Sprookjesbos
Sprookjesboom, Er was eens...
30.3%
Marerijk Sprookjesbos
Het Bruidskleed van Genoveva
19.9%
Quiz Playlist
Details
Report
Send in Message
Add To Playlist
More Info:
Kan jij alle attracties/sprookjes/entertainment in de Efteling benoemen? Update: 24/11/21
Classic:
Type in answers that appear in a list
Last Updated: Dec 22, 2021
Quiz Scoreboard
CHALLENGE
Sign Up to Join the Scoreboard
Show All
Scores
Hide
Comments
May contain spoilers
Recently Published
Find the 'City' Movie
by crazypaving
Movies
60s
5x2 Blitz: Bands
by SL_Kpop136
Music
30s
Colored Red Africa Blitz
by spor1
Geography
30s
More to Explore
Quiz From the Vault
Featured Blog Post
14 Easter Pick-up Lines to Find Eggs With
hide this ad
You Might Also Like...
Tags
dutch
Fairy Tale
Nederland
Netherlands
Theme Park
Tourist Attractions
Today's Top Quizzes in Entertainment
Browse Entertainment
hide this ad
Today's Top Quizzes in dutch
Browse dutch
Top Contributed Quizzes in Entertainment
1
Dragon Ball Z: Goku's Fights in Order
2
Marvel Classic Character Map
3
Marvel Characters Bunker
4
JoJo's Bizarre Logic Quiz
5
This is Your Life: Edward Elric
6
BOYS PLANET Quiz
7
Celebrity Spelling Bee
8
This is Your Life: Itachi Uchiha
9
One Piece Heroines Chapter Cover
10
Survivor Winners Logic Quiz
Explore More
Trending Topics
Anime
NBA
Disney
Crossword
Harry Potter
Kpop
Marvel
WWE
Soccer
Pokémon
The Office
Country
Puzzle
Song
NFL
hide this ad
More By:
Gina96
Quiz
Plays
Rating
Category
Featured
Created
Landen van Europa
3,221
4.50
Geography
Nov 24, 2021
Efteling attracties
3,109
4.20
Entertainment
Jun 23, 2017
Quick Pick: Names for The Netherlands
58
4.50
Language
Jul 6, 2016
'Birds' lyrics by Chef'special
24
5.00
Music
May 11, 2017
Go to Creator's Profile
Score Distribution
Quiz Creator Spotlight
Gina96
Follow
Send a Message
Quizzes Created
-
Created Quiz Play Count
-
More By This Creator
Popular Quizzes Today
1
Colored Red Africa Blitz
2
Find the 'City' Movie
3
Find the US States - No Outlines Minefield
4
5x2 Blitz: Bands
5
The Countries of the World
6
Find the US States
7
US States
8
Find the Countries of Europe - No Outlines Minefield
More Entertainment Quizzes
15 Seconds of Jill
Quiz Lab
Trending Quizzes
Colored Red Europe Blitz I
Colored Red Europe Blitz II
Colored Red Africa Blitz II
Colored Red Europe Blitz III
Colored Red Africa Blitz III
Recently Updated
How Do You Spell That?
pecheneg
Godzilla Movies
pecheneg
Grab Bag: 4-10 Letters
pecheneg
2024 March Madness Bracket
pecheneg
Famous TV Couples
Peacemaker
Champions League XIs: Real Madrid
pecheneg
Largest US Cities 1790-2010
pecheneg
Rides in Walt Disney World
pecheneg
Most Oscar Losses (Acting)
pecheneg
Beyoncé Albums
pecheneg
Trending Topics
Marvel
Harry Potter
Crossword
Kpop
Anime
Disney
NBA
Song
Puzzle
Pokémon
WWE
Soccer
The Office
NFL
Country
Your Account Isn't Verified!
In order to create a playlist on Sporcle, you need to verify the email address you used during registration. Go to your
Sporcle Settings
to finish the process.
Report this User
Report this user for behavior that violates our
Community Guidelines
.
Details:
Send Report
Go to the Sporcle.com Mobile Site →
Comments